[Vídeos i fotografies oficials i dels participants a la trobada del dia 3 d'octubre de 2004, a les Llars Mundet] [Enregistrament de vídeo]
Descripción Física:
1 disc òptic (DVD) ca. 4 min : col., so. Fotografies
Materias:
Llars Mundet -- Història
MARC
| LEADER | 00000nam a2200000Ia 4500 | ||
|---|---|---|---|
| 001 | 18261 | ||
| 008 | 160829s2004 xx 000 0 cat d | ||
| 080 | |a CD-1-70 | ||
| 245 | |a [Vídeos i fotografies oficials i dels participants a la trobada del dia 3 d'octubre de 2004, a les Llars Mundet] [Enregistrament de vídeo] | ||
| 260 | |a [Barcelona : |b s.n.], |c 2004 | ||
| 300 | |a 1 disc òptic (DVD) ca. 4 min : |b col., so. Fotografies | ||
| 610 | 2 | 0 | |a Llars Mundet |x Història |9 54212 |
| 901 | |a Arxiu | ||
| 942 | |n 1 | ||
| 952 | |0 0 |1 0 |4 0 |6 CD170 |7 1 |9 41856 |a Arxiu |b Arxiu |d 2016-12-01 |l 0 |o CD-1-70 |p 18261 |r 2016-12-01 00:00:00 |w 2016-12-01 |y ARXIU | ||
| 999 | |c 44303 |d 44303 | ||